| 000 | 02320nam a2200457 a 4500 | ||
|---|---|---|---|
| 001 | ebr10217902 | ||
| 003 | CaPaEBR | ||
| 006 | m u | ||
| 007 | cr cn||||||||| | ||
| 008 | 051116s2006 txua sbq s001 0 eng | ||
| 010 | _z 2005033703 | ||
| 015 |
_aGBA638564 _2bnb |
||
| 016 | 7 |
_z013442508 _2Uk |
|
| 020 | _z0292713061 ((cl.) : alk. paper) | ||
| 020 | _z029271307X ((pbk.) : alk. paper) | ||
| 020 | _z0292715064 (hbk.) | ||
| 020 | _z0292715072 (pbk.) | ||
| 020 | _z9780292713062 | ||
| 020 | _z9780292713079 | ||
| 040 |
_aCaPaEBR _cCaPaEBR |
||
| 035 | _a(OCoLC)614484671 | ||
| 050 | 1 | 4 |
_aPS374.S35 _bM45 2006eb |
| 082 | 0 | 4 |
_a813/.08762099287 _222 |
| 100 | 1 |
_aMelzer, Patricia, _d1970- |
|
| 245 | 1 | 0 |
_aAlien constructions _h[electronic resource] : _bscience fiction and feminist thought / _cPatricia Melzer. |
| 250 | _a1st ed. | ||
| 260 |
_aAustin : _bUniversity of Texas Press, _c2006. |
||
| 300 |
_ax, 325 p. : _bill. |
||
| 504 | _aIncludes bibliographical references (p. [299]-315) and index. | ||
| 504 | _aIncludes filmography: p. 315-316. | ||
| 505 | 0 | _aCultural chameleons : anticolonial identities and resistance in Octavia E. Butler's Survivor and dawn -- The alien in us : metaphors of transgression in the work of Octavia E. Butler -- Technoscience's stepdaughter : the feminist cyborg in Alien resurrection -- Our bodies as our selves : body, subjectivity, and (virtual) reality in The matrix -- The anatomy of dystopia : female technobodies and the death of desire in Richard Calder's Dead girls -- Beyond binary gender : genderqueer identities and intersexed bodies in Octavia E. Butler's Wild seed and Imago and Melissa Scott's Shadow man. | |
| 533 |
_aElectronic reproduction. _bPalo Alto, Calif. : _cebrary, _d2013. _nAvailable via World Wide Web. _nAccess may be limited to ebrary affiliated libraries. |
||
| 630 | 0 | 0 | _aAlien resurrection (Motion picture) |
| 630 | 0 | 0 | _aMatrix (Motion picture) |
| 650 | 0 |
_aScience fiction, American _xHistory and criticism. |
|
| 650 | 0 |
_aScience fiction, English _xHistory and criticism. |
|
| 650 | 0 | _aFeminism in literature. | |
| 655 | 7 |
_aElectronic books. _2local |
|
| 710 | 2 | _aebrary, Inc. | |
| 856 | 4 | 0 |
_uhttp://site.ebrary.com/lib/rucke/Doc?id=10217902 _zAn electronic book accessible through the World Wide Web; click to view |
| 999 |
_c129567 _d129567 |
||